| 000 | 00780nac a22002051u 4500 | ||
|---|---|---|---|
| 020 | _a0131327917 (pbk.) | ||
| 082 |
_a620.11 _bB9278 |
||
| 090 |
_c846 _d846 |
||
| 100 | _aBudinski, Kenneth G. | ||
| 245 |
_aEngineering materials : _bproperties and selection / _cKenneth G. Budinski, Michael K. Budinski. |
||
| 250 | _a8th ed. | ||
| 260 |
_aUpper Saddle River, N.J. : _bPearson/Prentice Hall, _cc2005. |
||
| 300 |
_axiii, 855 p. : _bill. ; _c24 cm. |
||
| 500 | _aPrevious ed.: 2002. | ||
| 504 | _aIncludes bibliographical references and index. | ||
| 650 | _aMaterials. | ||
| 700 | _aBudinski, Michael K. | ||
| 942 |
_cBB _k620.11B9278 |
||
| 999 |
_c846 _d846 |
||